Ч. 2 : Электричество и магнетизм; Физика

Detalhes bibliográficos
Parent link:Физика: учебное пособие/ Н. С. Кравченко, Е. В. Лисичко, С. И. Твердохлебов; Национальный исследовательский Томский политехнический университет (ТПУ), Институт дистанционного образования (ИДО). Ч. 2 : Электричество и магнетизм.— , 2012-
Autor principal: Кравченко Н. С. Надежда Степановна
Autor Corporativo: Национальный исследовательский Томский политехнический университет
Outros Autores: Лисичко Е. В. Елена Владимировна, Твердохлебов С. И. Сергей Иванович
Resumo:Загл. обл.: Физика 2. Электричество и магнетизм.
В учебном пособии рассмотрено содержание фундаментальных законов электростатики и магнетизма, даны разъяснения основных законов, явлений, понятий электростатики и магнетизма. Пособие подготовлено на кафедре теоретической и экспериментальной физики и предназначено для студентов ИДО, обучающихся по направлениям 140400 «Электроэнергетика и электротехника», 220400 «Управление в технических системах», 220700 «Автоматизация технологических процессов и производств», 230100 «Информатикаи вычислительная техника», 230700 «Прикладная информатика».
Idioma:russo
Publicado em: 2013
Assuntos:
Formato: Livro
KOHA link:https://koha.lib.tpu.ru/cgi-bin/koha/opac-detail.pl?biblionumber=261044

MARC

LEADER 00000nam2a2200000 4500
001 261044
005 20250602143009.0
035 |a (RuTPU)RU\TPU\book\284016 
090 |a 261044 
100 |a 20140520d2013 m y0rusy50 ca 
101 0 |a rus 
102 |a RU 
105 |a a j 000zy 
200 0 |a Ч. 2 : Электричество и магнетизм 
210 |d 2013 
215 |a 143 с.  |c ил. 
300 |a Загл. обл.: Физика 2. Электричество и магнетизм. 
330 |a В учебном пособии рассмотрено содержание фундаментальных законов электростатики и магнетизма, даны разъяснения основных законов, явлений, понятий электростатики и магнетизма. Пособие подготовлено на кафедре теоретической и экспериментальной физики и предназначено для студентов ИДО, обучающихся по направлениям 140400 «Электроэнергетика и электротехника», 220400 «Управление в технических системах», 220700 «Автоматизация технологических процессов и производств», 230100 «Информатикаи вычислительная техника», 230700 «Прикладная информатика». 
461 1 |0 229813  |9 229813  |t Физика  |o учебное пособие  |f Н. С. Кравченко, Е. В. Лисичко, С. И. Твердохлебов  |g Национальный исследовательский Томский политехнический университет (ТПУ), Институт дистанционного образования (ИДО)  |v Ч. 2 : Электричество и магнетизм  |d 2012-  
512 1 |a Физика 2. Электричество и магнетизм 
606 1 |a Физика  |2 stltpush  |3 (RuTPU)RU\TPU\subj\63709  |9 80688 
610 1 |a электричество 
610 1 |a магнетизм 
610 1 |a электростатика 
610 1 |a электрическое поле 
610 1 |a вакуум 
610 1 |a проводники 
610 1 |a диэлектрики 
610 1 |a электроемкость 
610 1 |a постоянный электрический ток 
610 1 |a электромагнетизм 
610 1 |a магнитные свойства 
610 1 |a уравнения Максвелла 
610 1 |a учебные пособия 
610 1 |a труды учёных ТПУ 
675 |a 53(075.8)  |v 3 
700 1 |a Кравченко  |b Н. С.  |c физик  |c доцент Томского политехнического университета, кандидат физико-математических наук  |f 1940-  |g Надежда Степановна  |9 12606 
701 1 |a Лисичко  |b Е. В.  |c физик  |c доцент Томского политехнического университета, кандидат педагогических наук  |f 1972-  |g Елена Владимировна  |9 13260 
701 1 |a Твердохлебов  |b С. И.  |c физик  |c доцент Томского политехнического университета, кандидат физико-математических наук  |f 1961-  |g Сергей Иванович  |9 12889 
712 0 2 |a Национальный исследовательский Томский политехнический университет  |c (2009- )  |9 26305 
801 1 |a RU  |b 63413507  |c 20140520 
801 2 |a RU  |b 63413507  |c 20161014  |g RCR 
850 |a 63413507 
942 |c BK